Obras / (Record no. 189377)

MARC details
000 -LEADER
campo de control de longitud fija 00633nam a2200193 i 4500
001 - NÚMERO DE CONTROL
campo de control 189377
003 - IDENTIFICADOR DE NÚMERO DE CONTROL
campo de control SpMaBN
005 - FECHA Y HORA DE LA ÚLTIMA TRANSACCIÓN
campo de control 20250930063200.0
008 - DATOS DE LONGITUD FIJA--INFORMACIÓN GENERAL
campo de control de longitud fija 190527s1965 sp |||| |dspa d
080 ## - NÚMERO DE LA CLASIFICACIÓN DECIMAL UNIVERSAL
Número de la Clasificación Decimal Universal 821.134.2-82"15"
100 0# - ENTRADA PRINCIPAL--NOMBRE DE PERSONA
Nombre de persona Garcilaso de la Vega,
Fechas asociadas al nombre 1501-1536
9 (RLIN) 55471
245 10 - MENCIÓN DEL TÍTULO
Título Obras /
Mención de responsabilidad, etc. Garcilaso ; [prólogo, Julián Sanz].
260 ## - PUBLICACIÓN, DISTRIBUCIÓN, ETC.
Lugar de publicación, distribución, etc. Valladolid :
Nombre del editor, distribuidor, etc. Miñón,
Fecha de publicación, distribución, etc. [1965]
300 ## - DESCRIPCIÓN FÍSICA
Extensión XIV, 7-227 p. ;
Dimensiones 16 cm.
490 1# - MENCIÓN DE SERIE
Mención de serie Clásicos castellanos.
-- Biblioteca de bolsillo
830 0# - PUNTO DE ACCESO ADICIONAL DE SERIE-TÍTULO UNIFORME
Título uniforme Clásicos castellanos.
-- Biblioteca de bolsillo
9 (RLIN) 225818
852 ## - LOCALIZACIÓN
Ubicación ES-MaACL
Número de control de estantería L-32372
Holdings
Estatus retirado Estado de pérdida Estado de daño No para préstamo Biblioteca de origen Biblioteca actual Ubicación en estantería Fecha de adquisición Fuente de adquisición Total de préstamos Signatura topográfica completa Código de barras Visto por última vez Precio de reemplazo Tipo de ítem Koha
        Biblioteca del Ateneo de Madrid Biblioteca del Ateneo de Madrid Depósito 2 27/05/2019     L-32372 1200649 23/02/2023 23/02/2023 Libro impreso